000 01660nam a22002657a 4500
003 URS
005 20250909104042.0
008 250909b |||||||| |||| 00| 0 eng d
050 0 0 _aLG 221.R59
_b.Ef366 2024
100 _aDavid, Revengene S.
_eResearcher
245 1 0 _aeffects of employment to the academic performance of student at University of Rizal System Rodriguez Campus/
_cRevengene S. David [et.al]
260 1 _c2024
300 _aix, 70 leaves;
_bIllustrations
_c28cm
336 _2rdacontent
_atext
337 _2rdamedia
_aunmediated
338 _2rdacarrier
_avolume
502 _aUndergraduate Thesis
_bBachelor of Science in Social Work
_cUniversity of Rizal System, Rodriguez Rizal
_d2024
520 _aKey findings indicated that a significant portion of respondents were 20 years old, predominantly female, and primarily first-year students. The data demonstrated a notable correlation between the number of work hours and students' GPA, revealing that those who worked more hours often experienced lower academic performance On the other hand, effective time management and drive contributed to the success of some students despite the demands of their jobs. Additionally, factors such as economic necessity and family dynamics were found to influence students decisions to work, emphasizing the socio-economic context surrounding student employment
650 _2effects of employment to the academic performance
700 _aLayao Amyca Maxine V.
_eResearcher
700 _aLlarvez, Loren Jade L.
_eResearcher
700 _aRojo, Lineth A.
_eResearcher
700 _aColina, Anna Blanca SP.
_eAdviser
942 _2lcc
_cT
999 _c86023
_d86021